<The> World bank research digest

Saved in:
Bibliographic Details
Format: Serial
Language:English
Published: Washington D.C. The World Bank 2010/2011
Subjects:
Tags: Add Tag
No Tags, Be the first to tag this record!

MARC

LEADER 00000nas2a2200000 4500
001 0212636
005 20160211111533.3
041 0 |a eng 
044 |a US 
245 1 0 |a <The> World bank research digest 
264 1 |a Washington D.C.  |b The World Bank  |c 2010/2011 
773 0 |w eu_un_cat*s121420 
610 2 0 |a banky 
610 2 0 |a svet 
610 2 0 |a výskum 
610 2 0 |a Svetová banka